Naše skúsenosti s resekciou obličky v liečbe nefrolitiázy

Podrobná bibliografia
Hlavní autori: Škutil, Vladimír, 1926-2011 (Autor), Obšitník, Milan (Autor)
Médium: Článok
Jazyk:slovenčina
Fyzický popis:Tb. 5. Res. rus., angl., nem.
Predmet:

MARC

LEADER 00000nab a2200000 a 4500
001 vtls000047818
003 SK-MaSNL
005 20260304061353.0
008 250422c1979 xo 0 slo
015 |a SNBRB19rr/mm-uuuuu 
035 |a CL0057914 
035 |a urn:nbn:sk:snk-ab17t 
035 |a (urnnbn)urn:nbn:sk:snk:ar-a03b7u 
035 |a (uuid)46508f59-e1f9-49dd-af2b-bf92aa1fc61f 
040 |a SNKBUCL  |b slo  |c SNKBUCL  |e AACR2 
041 0 |a slo 
044 |a xo  |c SK 
080 |a 616.6  |2 1981 
100 1 |a Škutil, Vladimír,  |d 1926-2011  |4 aut  |9 23633 
245 1 0 |a Naše skúsenosti s resekciou obličky v liečbe nefrolitiázy  |c Vladimír Škutil, Milan Obšitník 
300 |b Tb. 5. Res. rus., angl., nem. 
650 0 7 |a nefrolitiáza  |2 snkbucl  |9 21158 
655 7 |a články z novín a časopisov  |2 snkbucl  |9 267496 
700 1 |a Obšitník, Milan  |4 aut  |9 6215 
773 0 |t Bratislavské lekárske listy  |g Roč. 72, č. 6 (1979), s. 685-689 
850 |a Slovenská národná knižnica 
852 |a Slovenská národná knižnica 
954 |a odborná, vedecká literatúra pôvodná (slovenská)  |2 lita 
958 |a article27 
958 |a RK 
958 |a MI 
958 |a OND 
958 |a EUIPO 
992 |a RBX 
999 |c 2732608  |d 2734538